书目信息 |
| 题名: |
流体动力学
|
|
| 作者: | д·с·库滋涅佐夫 著 ;林鸿荪 译 | |
| 分册: | ||
| 出版信息: | 北京 高等教育出版社 1955.04 |
|
| 页数: | 411页 | |
| 开本: | 20cm | |
| 丛书名: | ||
| 单 册: | ||
| 中图分类: | O351.2 | |
| 科图分类: | ||
| 主题词: | 流体力学 | |
| 电子资源: | ||
| ISBN: | ||
| 000 | 00707nam0 2200229 450 | |
| 001 | 0640443031 | |
| 005 | 20060819111638.92 | |
| 010 | @dCNY1.50 | |
| 091 | @a13010.166 | |
| 100 | @a20060819d1955 km y0chiy0120 ea | |
| 101 | 0 | @achi@crus |
| 102 | @aCN@b110000 | |
| 200 | 1 | @a流体动力学@Aliu ti dong li xue@f(苏)д·с·库滋涅佐夫著@F(su)д·с·ku zi nie zuo fu zhu@g林鸿荪等译@Glin hong sun deng yi |
| 210 | @a北京@c高等教育出版社@d1955.04 | |
| 215 | @a411页@d20cm | |
| 300 | @a高等学校教学用书 | |
| 606 | 0 | @a流体力学 |
| 690 | @aO351.2@v3 | |
| 701 | 0 | @aд·с·库滋涅佐夫@Aд·с·ku zi nie zuo fu@4著 |
| 702 | 0 | @a林鸿荪@Alin hong sun@4译 |
| 801 | 0 | @aCN@bPFT@c20060819 |
| 905 | @a10447@dO351.2@e45 | |
| 流体动力学/(苏)д·с·库滋涅佐夫著/林鸿荪等译.-北京:高等教育出版社,1955.04 |
| 411页;20cm |
| 高等学校教学用书 |
| ISBN :CNY1.50 |
| ● |
| 相关链接 |
|
|
|
|
正题名:流体动力学
索取号:O351.2/45
 
预约/预借
| 序号 | 登录号 | 条形码 | 馆藏地/架位号 | 状态 | 备注 |
| 1 | 0468885 | 204688855 | 密集书库/ [索取号:O351.2/45] | 在馆 | |
| 2 | 0468886 | 204688864 | 密集书库/ [索取号:O351.2/45] | 在馆 |